000 00565ntaaa2200193 4500
003 01
005 20251027203354.0
008 0714s1973 ag 01
020 _a950071356X
040 _aAR-BaBN
_bspa
_cAR-BaBN
_eaacr
_dRIC
100 _aCanclini, Arnoldo
_938
245 _aEl fueguino :
_bJemmy Button y los suyos /
_cArnoldo Canclini
260 _aBuenos Aires :
_bSudamericana,
_c1998
300 _a338 p. ;
_c23 cm.
490 _aNarrativas históricas
500 _aDonación de Pablo A. Deiros, 2022
500 _aBibliografía: p. 335-338
942 _cBK
999 _c29266
_d29266